000 00583nam a2200181 i 4500
001 62593
003 ES-MaACL
005 20231224062924.0
007 t|
008 031124q1949 sp ||||1| spa d
100 1 _aFernández y González, Manuel,
_d1821-1888
_950183
245 1 0 _aAventuras de Don Juan (Don Juan Tenorio)
_b: novela histórica /
_cM. Fernández y González.
260 _aMadrid :
_bSiglo XX,
_c[1949?] (
_fJosé Ruiz Alonso)
300 _a390 p. ;
_c19 cm.
597 _aFaltan las p.: 305-320.
852 _aES-MaACL
_jB-7552
999 _c62593
_d62593